00357 a2200097 4500001001000000005001700010008004100027245010100068100001700169773007300186ART_1763320260410161924.0260409a 10aAn analysis of a macroeconometric model with rational expectations in the bond and stock markets1 aFair, Ray C.0 tThe American Economic Reviewg- Vol. 69, NÂș 4 (sep. 1979)wREV16190